Geometry Dash - Most Downloaded 2018 Levels - Statistics

General Stats
  • This quiz has been taken 11 times
  • The average score is 10 of 20
Answer Stats
Publisher Difficulty ID Answer Downloads % Correct
Knobbelboy Extreme Demon 42584142 Bloodlust 49,700,000
100%
NeoSweet Easy Demon 45932196 ABCDEFGHIJKLMNOPQRS 15,000,000
75%
DavJT Hard Demon 40945673 CraZy 19,200,000
75%
DavJT Insane Demon 47620786 CraZy II 10,400,000
75%
JonathanGD Hard Demon 44062068 Future Funk 35,200,000
75%
DesTicY Insane 44121158 Ghoul 43,500,000
75%
rafer Harder 43908596 SLAM 47,000,000
75%
JonathanGD Extreme Demon 45239692 The Lost Existence 6,000,000
75%
Serponge Hard Demon 45622672 Depressure 3,800,000
50%
Darwin Hard 40638411 Mind Control 36,800,000
50%
Danzmen Insane 41736289 OMG ALIENS 16,600,000
50%
Geom3zon Hard 44793604 Astralium 10,800,000
25%
victorinoxX Hard 41785858 Esqueria 9,000,000
25%
rafer Hard 41429267 Flight II 4,900,000
25%
Hyenada Harder 40937291 Half Past Twelve 4,100,000
25%
Sharkarie Harder 42340388 Nock Em Down 4,700,000
25%
Danzmen Easy Demon 43276194 Slap Squad II 4,800,000
25%
caio2000 Insane 50007109 The Creator 14,100,000
25%
BadKlatt Normal 40631606 Empire 3,800,000
0%
distortt Harder 42497026 Galvanic 10,400,000
0%
No matching quizzes found
Score Distribution
Percent of People with Each Score
Percentile by Number Answered
Your Score History
You have not taken this quiz